Union-states relations in India (Record no. 56221)

000 -LEADER
fixed length control field 01203pab a2200145 454500
008 - FIXED-LENGTH DATA ELEMENTS--GENERAL INFORMATION
fixed length control field 180718b2003 xxu||||| |||| 00| 0 eng d
100 ## - MAIN ENTRY--PERSONAL NAME
Personal name Kashyap, Subhash C.
245 ## - TITLE STATEMENT
Title Union-states relations in India
260 ## - PUBLICATION, DISTRIBUTION, ETC.
Date of publication, distribution, etc. 2003
300 ## - PHYSICAL DESCRIPTION
Extent p.28-39.
520 ## - SUMMARY, ETC.
Summary, etc. When we talk of centre-state relationship, the image that comes up is that of the centre of power and the periphery, while Union-State relationship would convey the picture of the relationship between the whole and the part. The Constitution of India conceived of the division of the country into states only for convenience of administration. It sought to achieve a smooth working relationship between the two levels of the Union and the states by tilting heavily in favour of the Union in all the fields of legislative, administrative and financial relations while retaining the structure of the Constitution as federal. In the present scenario both integrational and disintegrational - centripetal and centrifugal - forces are at work at the same time at various levels- political, economic, administrative and emotional. - Reproduced.
650 ## - SUBJECT ADDED ENTRY--TOPICAL TERM
Topical term or geographic name entry element Centre state relations
773 ## - HOST ITEM ENTRY
Main entry heading Indian Journal of Federal Studies
909 ## -
-- 56221
Holdings
Withdrawn status Lost status Damaged status Not for loan Permanent Location Current Location Date acquired Serial Enumeration / chronology Barcode Date last seen Price effective from Koha item type
        Indian Institute of Public Administration Indian Institute of Public Administration 2018-07-19 Volume no: 1, AR56666 2018-07-19 2018-07-19 Articles

Powered by Koha